|
|
|
|
| LEADER |
00655nam a2200193Ia 4500 |
| 001 |
CTU_150080 |
| 008 |
210402s9999 xx 000 0 und d |
| 082 |
|
|
|a 577.6
|
| 082 |
|
|
|b W371
|
| 100 |
|
|
|a Webber, E. Cliff
|
| 245 |
|
0 |
|a Benthic macroinvertebrate microhabitat requirement and tropic structure in Southeastern streams :
|
| 245 |
|
2 |
|b A literature synthesis
|
| 245 |
|
0 |
|c E. Cliff Webber, Michael R. Struve, Davil R. Bayne
|
| 260 |
|
|
|a Auburn University, Alabama
|
| 260 |
|
|
|b Alabama Agricultural Experiment Station
|
| 260 |
|
|
|c 1992
|
| 650 |
|
|
|a Aquatic ecology
|
| 904 |
|
|
|i Giang
|
| 980 |
|
|
|a Trung tâm Học liệu Trường Đại học Cần Thơ
|